Score 0/20 Timer 05:00
3 Plays Today
Clue eulC Word droW % Correct
A boy scout can tie a good oneKNOT
87.2%
Robber's haulLOOT
84.2%
Small mark, or typical dog nameSPOT
80.9%
htoob yawhgih a ta tnemyaPLLOT
78.9%
snoitartsulli saltASPAM
78.4%
sdnuop 0002 fo spuorGSNOT
78.4%
Long time periodsERAS
78.1%
Much (2 words, often erroneously spelled as 1 word)ALOT
77.2%
yrotSELAT
76.9%
Venetian blind partSLAT
75.5%
Clue eulC Word droW % Correct
detairporppasim ro detairporppAKOOT
72.2%
eceip cisum 'tuO sthgiL' yratiliMSPAT
70.6%
Dutch cheeseEDAM
70.1%
Cry of woeALAS
66.5%
bulc latem dekips laveideMECAM
66.1%
etam s'abmiSALAN
65.5%
Passion, enthusiasmELAN
63.1%
'yroehT gnaB giB ehT' no eilseL dna 'ennaesoR' no enelraD deyalPARAS
62.4%
GriftSCAM
62.4%
ssertsgnos 'rotarepO htoomS'EDAS
61.1%

Today's Daily Dose

You're not logged in!

Compare scores with friends on all Sporcle quizzes.
OR
Log In

Sporcle TV

Today on Sporcle TV


Watch our educational content, quiz creation guides, and fun videos on Sporcle TV.

Show Comments

Extras

Top Quizzes Today


Score Distribution

Your Account Isn't Verified!

In order to create a playlist on Sporcle, you need to verify the email address you used during registration. Go to your Sporcle Settings to finish the process.

Report this User

Report this user for behavior that violates our Community Guidelines.

Details: